Sześć najbliższych stolic - Ankara - Statystyki

Ogólne statystyki
  • Ten quiz został rozwiązany 33 razy
  • Średni wynik to 3 z 6
Statystyki odpowiedzi
km stolica % Poprawnych
817 Ateny
90%
854 Sofia
55%
774 Damaszek
48%
527 Nikozja
48%
708 Bejrut
24%
751 Bukareszt
21%
Nie znaleziono quizów pasujących do podanych kryteriów
Rozkład punktacji
Procent ludzi z każdym wynikiem
Percentyl według liczby udzielonych odpowiedzi
Twoja historia wyników
Nie rozwiązałeś tego quizu